La política de Maquiavelo en el siglo XX (Registro nro. 2925)

Detalles MARC
000 -LEADER
fixed length control field 01978 a2200217 4500
001 - CONTROL NUMBER
control field 38801
005 - DATE AND TIME OF LATEST TRANSACTION
control field 20260407155649.0
008 - FIXED-LENGTH DATA ELEMENTS--GENERAL INFORMATION
fixed length control field 260407a1955 arg spa d
003 - CONTROL NUMBER IDENTIFIER
control field AR-UNSa-BCEJYS
040 ## - CATALOGING SOURCE
Original cataloging agency AR-UNSa-BCEJYS
Language of cataloging spa
Transcribing agency AR-UNSa-BCEJYS
080 ## - UNIVERSAL DECIMAL CLASSIFICATION NUMBER
Universal Decimal Classification number 320
Common auxiliary subdivision Ciencia Política (Política y Gobierno)
041 ## - LANGUAGE CODE
Language code of text/sound track or separate title spa
100 1# - MAIN ENTRY--PERSONAL NAME
Personal name Joly, Mauricio
245 10 - TITLE STATEMENT
Title La política de Maquiavelo en el siglo XX
Name of part/section of a work diálogos en los infiernos entre Maquiavelo y Montesquieu
264 #1 - PRODUCTION, PUBLICATION, DISTRIBUTION, MANUFACTURE, AND COPYRIGHT NOTICE
Place of production, publication, distribution, manufacture Buenos Aires :
Name of producer, publisher, distributor, manufacturer Davalos-Pelizza
Date of production, publication, distribution, manufacture, or copyright notice 1955
300 ## - PHYSICAL DESCRIPTION
Extent 206 p.
Dimensions 20 cm.
505 ## - FORMATTED CONTENTS NOTE
Formatted contents note 1. Diálogo primero - 2. Diálogo segundo - 3. Diálogo tercero - 4. Diálogo cuarto - 5. Diálogo quinto - 6. Diálogo sexto - 7. Diálogo séptimo - 8. Diálogo octavo: La política de Maquiavelo en acción - 9. Diálogo noveno: La Constitución - 10. Diálogo décimo: La constitución (continuación) - 11. Diálogo décimoprimero: De las Leyes - 12. Diálogo décimosegundo: De la prensa (continuación) - 13. Diálogo décimotercero: De las conjuraciones - 14. Diálogo décimocuarto: De las instituciones que existían anteriormente - 15. Diálogo décimoquinto: Del sufragio - 16. Diálogo décimosexto: De ciertas corporaciones - 17. Diálogo décimoséptimo: De la policía - 18. Diálogo décimooctavo: De los asuntos económicos y de su espíritu - 19. Diálogo décimonoveno: Del sistema presupuestario (continuación) - 20. Diálogo vigésimo: Continuación del mismo tema - 21. Diálogo vigésimoprimero: De los empréstitos (continuación) - 22. Diálogo vigésimosegundo: Grandezas del reino - 23. Diálogo vigésimotercero: De otros medios diversos que Maquiavelo empleará para consolidar su imperio y perpetuar si dinastía - 24. Diálogo vigésimocuarto: Particularidad del carácter del Príncipe según la concepción de Maquiavelo - 25. Diálogo vigésimoquinto: La palabra final
590 ## - LOCAL NOTE (RLIN)
Local note niveau_biblio:m niveau_hierar:0
700 1# - ADDED ENTRY--PERSONAL NAME
Personal name Ayarragaray, Carlos Alberto
942 ## - ADDED ENTRY ELEMENTS (KOHA)
Koha item type
Existencias
Withdrawn status Lost status Damaged status Not for loan Home library Current library Shelving location Date acquired Total checkouts Full call number Barcode Date last seen Price effective from Koha item type
        Biblioteca Prof. Eusebio Cleto del Rey Biblioteca Prof. Eusebio Cleto del Rey   07/04/2026   320 J75 L125683 07/04/2026 07/04/2026 Libro